000 00307nam a22001217a 4500
008 160423b xxu||||| |||| 00| 0 eng d
020 _a9780763707064
020 _a0763707066
041 _aeng
080 _a618.2
245 _aCommunity health nursing:
_cKaren Saucier Lundy; Sharyn Janes;
942 _2udc
_cBK
999 _c1545
_d1545